000 00491cam a2200193 4500
001 D2945
008 090401t1980 xxu||||| |||| 00| 0 eng d
035 _a(Sirsi) u98018
041 _aeng
050 _a692.5
100 _aCrawshaw, D.T.
245 _aProject information at the pre-construction
260 _aAscot, Berks
_bThe Institute of Building
_c1980
300 _a4p. 30cm
350 _a0
490 _aEstimating Information Service
_v39
942 _n0
948 _c04/03/1997
999 _c99049
_d99049